000 02229nam a2200445 c 4500
003 BLK
005 20250618113401.0
008 180408b bul|||||r ||||||| ||bul||
010 _aKNG00059003000
020 _a954-742-088-7
_bиздат.: Слънце
040 _aBLK
041 _aBUL
_cBUL
080 _aПолова просвета
_b613.88:374
_x-055.25(02.062)
_z613.88:374-055.25(02.062)
080 _aВлияние на възрастта върху различни физиологични процеси - Пубертет (полово съзряване), менструация, менопауза, плодовитост, безплодие, лактация, млечни жлези, климактериум и др.
_b612.66
_x-055.25(02.062)
_z612.66-055.25(02.062)
080 _aПсихология на юношите
_b159.922.8
_x-055.25(02.062)
_z159.922.8-055.25(02.062)
100 1 _aРаджишевич, Тина
_eпърви автор
_9114137
700 1 _aЕмилова, Камелия
_eпрев. от англ.
_9285937
139 _aРаджишевич, Тина
_bР 13
245 1 0 _aМомичетата и сексът
_cТина Раджишевич; прев. от англ. Камелия Емилова.
250 _a2. изд.
257 _aGBR
260 София
_bСлънце
_c2006
_fСофия : Инвестпрес
300 _a376 с.
_c20 см
380 _a61
490 1 _aПоредица Книги за тийнейджъри
500 _aОриг. загл. The bliss love guru's guide to sex / Tina Radziszewicz. - Без сведение за 1. изд. - Предм. показалец
650 4 _aПолово възпитание - на учениците
_9244657
650 4 _aПубертет
_9168476
650 4 _aПолов живот
_9243701
650 4 _aМомичета - психология и поведение
_9162635
653 _aмомичета
653 _aполово възпитание
653 _aсекс
852 _aЦб 226903
856 4 _qpdf
_u
856 4 _qpdf
_u
942 _cKNG
_n0
_04
944 _aCR
_c24.03.2006
_k30543
_lИва Цветкова
944 _aED
_c22.02.2010
_k
999 _c55038
_d55038